000 02237ncm0a2200421 4500
001 RU\NLR\ONIZ\225249
005 20250626160103.0
035 _aRU\NLR\ONIZ\SOPHY\5000005681\20190312095745
035 _a(NLR Aleph) 011958378
071 2 0 _aВ. 4 Ш.
090 _a11189315
_c11189315
100 _a20190312d1927 |||y0rusy50 ca
101 0 _aeng
_arus
102 _aRU
125 _axx
145 0 _ab
200 1 _aDanse negre
_bНоты
_dНегрочечетка
_e[for] piano
_eор. 61
_zeng
_fВладимир Штамм
210 _aЛенинград
_cизд. авт. [В. Штамм]
_d1927
215 _a3 с.
_cил.
_d32 см
300 _aПеред нот. текстом: Nègro-danse
300 _aПеред нот. текстом: Коле Токаревичу посвящаю
313 _aСистематизация документа проведена по изданию - Методика классифицирования музыкальных произведений (нотных изданий) по таблицам Библиотечно-библиографических классификаций : метод. рекомендации / Гос. б-ка СССР им. В.И. Ленина.- М., 1977. Индексу ББК методических рекомендаций присваивается код ББК для научных библиотек - LBC/SL
606 1 _aПроизведения для фортепиано
_2nlr_sh
606 1 _aЧечетка (фортепиано)
_2nlr_sh
608 _aЧечётка (фортепиано)
_xНоты
_2nlr_sh
686 _aЩ954.2-085(2)
_vLBC/SL
_2rubbk
700 1 _9z03790
_aШтамм
_bВ. Р.
_cкомпозитор
_f1902-1938
_gВладимир Ростиславович
_4230
_7ca
702 1 _9z04790
_aТокаревич
_bН.
_gНиколай
_4280
_7ca
790 1 _9z03700
_aŠtamm
_bV. R.
_f1902-1938
_gVladimir Rostislavovič
_4230
_7ba
790 1 _9z04702
_aTokarevič
_bN.
_gNikolaj
_4280
_7ba
801 0 _aRU
_bNLR
_c20190312
_gPSBO
801 1 _aRU
_bNLR
_c20190312
_2rusmarc
801 2 _aRU
_bNLR
_c20200217
852 _aNLR
_bМ
_jАбк-4/70
_p259604
_t1
942 _cSCORE
980 _aNB
980 _aONIZ